000 00678na a2200253 4500
001 12630
003 MIRAKIL
005 20181213154826.0
008 160826b tu 000 0
035 _a12630
040 _aMilas
_btur
_cTR-AnCHP
082 _a111.85
_bS32e 1972
090 _a111.85 S32e 1972
100 _aSena, Cemil
245 _aEstetik
_bSanat ve güzelliğin felsefesi
_cCemil Sena
260 _aİstanbul
_bRemzi Kitabevi
_c1972
300 _a288
_bres.
_c24 sm.
490 _aBüyük Fikir Kitapları dizisi
_v13
504 _aKaynakça var.
650 _aEstetik
650 _aGüzellik (Felsefe)
650 _aSanat felsefesi
942 _2ddc
_cBKS
999 _c1556
_d1556